000 01307nam0a2200349 4500
001 RU\NLR\bibl\1791298
005 20250616142923.0
010 _a978-5-91854-022-0
_9100
021 _aRU
_b2011-48513
_93447
035 _a(nilc)RSL-KNO-004965891
035 _a(NLR Aleph) 001782004
090 _a1703564
_c1703564
100 _a20110627d2010 |||y0rusy50 ca
101 0 _arus
102 _aRU
105 _aa |||||||||
200 1 _aОрганизация производства на предприятии торговли
_eучебное пособие
_fН. В. Туева
210 _aОренбург
_cАгентство "Пресса"
_d2010
215 _a273 с.
_cил., табл.
_d21
320 _aБиблиогр.: с. 251-254
606 1 _aТорговые предприятия
_jУчебные издания для высших учебных заведений
_xОрганизация
_91790881
_3RU\NLR\auth\661100035
686 _aУ9(2)421.21-803я73-1
_2rubbk
686 _aУ42(2)1-801я73
700 1 _aТуева
_bН. В.
_gНаталья Викторовна
_4070
801 0 _aRU
_bRuMoRKP
_c20110627
_grcr
801 1 _aRU
_bRuMoRGB
_c20110627
801 2 _aRU
_bNLR
_c20110721
_grcr
830 _aпо кн
942 _cBOOK
980 _aNB
980 _aNBR